000 00911nam a2200217Ii 4500
003 JO-AjNU
008 230605s9999||||xx |||||||||||||| ||und||
017 _a1996/6/870
040 _aJO-AjNU
_bara
_erda
_cJO-AjNU
041 _aara
050 1 4 _aKMM353.55.N32.1996
100 3 _aصالح، نائل عبد الرحمن,
_eauthor
_942251
245 0 0 _a الوجيز في الجرائم الواقعة على الأموال : السرقة، الاحتيال، إساءة الائتمان، الرشوة والجرائم الملحقة بها
250 _aط2
264 3 1 _aعمان : دار الفكر ،1996
300 _a340ص
_bيشتمل على مراجع ص ( 337 - 338 )
336 _atext
_btxt
_2rdacontent
337 _aunmediated
_bn
_2rdamedia
338 _avolume
_bnc
_2rdacarrier
650 4 _aالقانون الجنائي -- الأردن -- جرائم الأموال -- الأردن
_942252
999 _aA18077
_c21645
_d21645